Geografía del mundo /
Guardado en:
| Autor Principal: | |
|---|---|
| Formato: | Libro |
| Publicado: |
Buenos Aires :
Kapelusz,
2014
|
| Series: | Contextos Digitales
|
| Materias: | |
| Etiquetas: |
Agregar Etiqueta
Sin Etiquetas, Sea el primero en etiquetar este registro!
|
| LEADER | 00948nam a22002415a 4500 | ||
|---|---|---|---|
| 001 | CEM.cems014560 | ||
| 005 | 20161031180425.0 | ||
| 008 | 130507s2014##################000#0#####d | ||
| 003 | CEMS | ||
| 020 | |a 9789501311389 | ||
| 082 | 0 | 4 | |a Z330.9 |
| 100 | 1 | |a Dalterio, Laura | |
| 245 | 1 | 0 | |a Geografía del mundo / |c Laura Dalterio ... y Otros |
| 260 | |a Buenos Aires : |b Kapelusz, |c 2014 | ||
| 300 | |a 304 p. | ||
| 490 | 0 | |a Contextos Digitales | |
| 505 | 0 | |a La organiza ción política y económica del mundo actual -- Las bases naturales del mundo -- La población mundial y su calidad de vida -- Los espacios urbanos y los rurales -- Atlas de los continentes | |
| 653 | |a Geografía | ||
| 653 | |a Geografía mundial | ||
| 653 | |a Libro de texto | ||
| 859 | |a CEMS |b BIB. CEMS - 11 de abril |h Z330.9 |i D17 |p 27127.15 |t Ej.1 | ||
| 859 | |a CEMS |b BIB. CEMS - 11 de abril |h Z330.9 |i D17 |p 27301.16 |t Ej.2 | ||
| 859 | |a CEMS |b BIB. CEMS - 11 de abril |h Z330.9 |i D17 |p 28346.19 |t Ej.3 | ||
